| 000 | 00752cam a2200241 a 4500 | ||
|---|---|---|---|
| 001 | 000019691 | ||
| 005 | 20200929170114.0 | ||
| 008 | 810916s1970 sp 001 e spa d | ||
| 040 |
_aDO-SdBNP _bspa _cLC _dBNPHU |
||
| 082 |
_a864.5 _bM542c, 1970 |
||
| 100 | 1 |
_aMenéndez y Pelayo, Marcelino, _d1856-1912 _93901 |
|
| 245 | 1 | 3 |
_aLa Celestina / _cM. Menéndez Pelayo. |
| 250 | _a4a ed. | ||
| 260 |
_aMadrid : _bEspasa-Calpe, _c1970. |
||
| 300 |
_a229, [16] p. ; _c18 cm. |
||
| 490 | 1 |
_aAustral. Verde: ensayos y filosofía _v691 |
|
| 650 | 4 |
_aEnsayos españoles _93095 |
|
| 650 | 4 |
_aLiteratura española _9632 |
|
| 830 | 0 |
_aAustral. _pVerde: ensayos y filosofía; _v691 _98733 |
|
| 910 | _aCatalogación derivada / LC | ||
| 910 | _aWM | ||
| 049 | _aBNGR | ||
| 999 |
_c19206 _d19206 |
||